000
00290nam a2200109Ia 4500
008
190216s9999||||xx |||||||||||||| ||und||
100
_a
Namboodiri.A.P.P.
245
2
_a
A P P Yude Prabanthangal
260
_b
Sahithya Pravarthaka Sahakarana Sangam
650
_a
Malayalam Essays
942
_c
BK
999
_c
26360
_d
26360